[Event "Sachsen-Anhalt Verbandsliga 1920"]
[Site "Sachsen Anhalt"]
[Date "2020.01.19"]
[Round "5.3"]
[White "Haertig, Jens"]
[Black "Schoenfeld, Frank"]
[Result "1/2-1/2"]
[WhiteElo "2108"]
[BlackElo "1994"]
[PlyCount "57"]
[EventDate "2019.09.29"]
[EventType "team-tourn"]
[EventRounds "9"]
[EventCountry "GER"]
[SourceTitle "EXT 2023"]
[Source "ChessBase"]
[SourceDate "2022.10.05"]
[SourceVersion "1"]
[SourceVersionDate "2022.10.05"]
[SourceQuality "1"]
[WhiteTeam "Naumburg"]
[BlackTeam "Graefenhainichen"]
[WhiteTeamCountry "GER"]
[BlackTeamCountry "GER"]

1. d4 Nf6 2. c4 d6 3. Nf3 Nbd7 4. Nc3 e5 5. g3 c6 6. Bg2 Be7 7. e4 Qc7 8. 0-0 0-0 9. h3 a6 10. a4 a5 11. Be3 Re8 12. Qc2 Bf8 13. Rad1 exd4 14. Nxd4 Nc5 15. Rfe1 Nfd7 16. Re2 g6 17. Red2 Qb6 18. Nce2 Qb4 19. b3 Nf6 20. Nc3 Qb6 21. Rb1 Qc7 22. Nde2 Qe7 23. f3 Nh5 24. g4 Ng7 25. Bf4 Qf6 26. Rbd1 Re6 27. Bg3 h5 28. Nd4 Re8 29. Nde2 1/2-1/2

[Event "Oberliga Ost-A 1718"]
[Site "Germany"]
[Date "2018.03.18"]
[Round "9.5"]
[White "Haertig, Jens"]
[Black "Schnabel, Ralf"]
[Result "1/2-1/2"]
[WhiteElo "2140"]
[BlackElo "2225"]
[PlyCount "59"]
[EventDate "2017.10.22"]
[EventType "team-tourn"]
[EventRounds "11"]
[EventCountry "GER"]
[SourceTitle "EXT 2019"]
[Source "ChessBase"]
[SourceDate "2018.10.10"]
[SourceVersion "1"]
[SourceVersionDate "2018.10.10"]
[SourceQuality "1"]
[WhiteTeam "Naumburg"]
[BlackTeam "Aue Nickelhuette II"]
[WhiteTeamCountry "GER"]
[BlackTeamCountry "GER"]

1. d4 f5 2. Nf3 Nf6 3. c4 d6 4. b4 g6 5. Bb2 Bg7 6. Qb3 0-0 7. e3 e6 8. Be2 Qe7 9. Nbd2 Nc6 10. b5 Nd8 11. 0-0 Nf7 12. Rac1 g5 13. c5 Ne4 14. Nxe4 fxe4 15. cxd6 cxd6 16. Nd2 d5 17. Ba3 Nd6 18. Qb4 Rd8 19. f3 exf3 20. Nxf3 g4 21. Ne5 Qg5 22. Rf4 h5 23. Rcf1 Bxe5 24. dxe5 Qxe5 25. Bxg4 hxg4 26. Rxg4+ Kh7 27. Rh4+ Kg6 28. Rg4+ Kh7 29. Rh4+ Kg6 30. Rg4+ 1/2-1/2

[Event "Oberliga Ost-A 1718"]
[Site "Germany"]
[Date "2017.11.12"]
[Round "3.4"]
[White "Haertig, Jens"]
[Black "Ledfuss, Guntram"]
[Result "1/2-1/2"]
[WhiteElo "2140"]
[BlackElo "2043"]
[PlyCount "49"]
[EventDate "2017.10.22"]
[EventType "team-tourn"]
[EventRounds "11"]
[EventCountry "GER"]
[SourceTitle "EXT 2019"]
[Source "ChessBase"]
[SourceDate "2018.10.10"]
[SourceVersion "1"]
[SourceVersionDate "2018.10.10"]
[SourceQuality "1"]
[WhiteTeam "Naumburg"]
[BlackTeam "Dresden USV TU II"]
[WhiteTeamCountry "GER"]
[BlackTeamCountry "GER"]

1. c4 Nf6 2. Nc3 g6 3. d4 Bg7 4. e4 d6 5. f3 0-0 6. Be3 Nc6 7. Nge2 a6 8. Qd2 Rb8 9. Nc1 e5 10. d5 Nd4 11. Nb3 c5 12. dxc6 Nxb3 13. c7 Qxc7 14. axb3 Be6 15. Be2 Nd7 16. 0-0 Nc5 17. Ra3 Rbd8 18. b4 Nd7 19. b3 Nb8 20. b5 f5 21. Rd1 Rfe8 22. Raa1 Qf7 23. Rac1 Bf8 24. Bb6 Rc8 25. Be3 1/2-1/2

[Event "Oberliga Ost-A 1112"]
[Site "Germany"]
[Date "2012.01.14"]
[Round "6.5"]
[White "Haertig, Jens"]
[Black "Scholz, Markus"]
[Result "0-1"]
[WhiteElo "2180"]
[BlackElo "2122"]
[PlyCount "76"]
[EventDate "2011.09.25"]
[EventType "team-tourn"]
[EventRounds "11"]
[EventCountry "GER"]
[SourceTitle "EXT 2013"]
[Source "ChessBase"]
[SourceDate "2012.11.22"]
[SourceVersion "1"]
[SourceVersionDate "2012.11.22"]
[SourceQuality "1"]
[WhiteTeam "Naumburg"]
[BlackTeam "Leipzig VfB"]
[WhiteTeamCountry "GER"]
[BlackTeamCountry "GER"]

1. c4 f5 2. Nf3 Nf6 3. d4 g6 4. g3 Bg7 5. Bg2 d6 6. 0-0 0-0 7. Nbd2 c6 8. Qc2 Qc7 9. Rd1 e5 10. c5 e4 11. cxd6 Qxd6 12. Nc4 Qe7 13. Nfe5 Be6 14. b4 b5 15. Na5 Qxb4 16. Naxc6 Nxc6 17. Nxc6 Qc4 18. Qxc4 Bxc4 19. Bf1 Nd5 20. Bb2 Rac8 21. Na5 Rf7 22. Rac1 Rfc7 23. Nxc4 bxc4 24. Bc3 Bf8 25. g4 Kf7 26. gxf5 gxf5 27. Rc2 Ke6 28. e3 Bd6 29. Rdc1 Rg7+ 30. Kh1 Rg6 31. f3 exf3 32. e4 Ne3 33. d5+ Kf7 34. exf5 Rh6 35. Rb2 Nxf5 36. Rb7+ Kg6 37. Re1 Ng3+ 38. Kg1 Bc5+ 0-1

[Event "Oberliga Ost-A 1112"]
[Site "Germany"]
[Date "2011.12.11"]
[Round "5.5"]
[White "Boehm, Robert"]
[Black "Haertig, Jens"]
[Result "1/2-1/2"]
[WhiteElo "2159"]
[BlackElo "2180"]
[PlyCount "40"]
[EventDate "2011.09.25"]
[EventType "team-tourn"]
[EventRounds "11"]
[EventCountry "GER"]
[SourceTitle "EXT 2013"]
[Source "ChessBase"]
[SourceDate "2012.11.22"]
[SourceVersion "1"]
[SourceVersionDate "2012.11.22"]
[SourceQuality "1"]
[WhiteTeam "Hoyerswerda"]
[BlackTeam "Naumburg"]
[WhiteTeamCountry "GER"]
[BlackTeamCountry "GER"]

1. d4 Nf6 2. Nf3 g6 3. c4 c5 4. Nc3 Bg7 5. e4 0-0 6. Be2 cxd4 7. Nxd4 Nc6 8. Be3 d6 9. 0-0 Bd7 10. Rc1 Rc8 11. f3 a6 12. Nb3 Be6 13. Qd2 Ne5 14. Nd5 Bxd5 15. cxd5 Qd7 16. Rxc8 Rxc8 17. Rc1 Rb8 18. Qc2 Ne8 19. Nd4 Qd8 20. a3 Nd7 1/2-1/2

[Event "Oberliga Ost-A 1112"]
[Site "Germany"]
[Date "2011.11.20"]
[Round "4.5"]
[White "Haertig, Jens"]
[Black "Mueller, Richard"]
[Result "0-1"]
[WhiteElo "2180"]
[BlackElo "2027"]
[PlyCount "190"]
[EventDate "2011.09.25"]
[EventType "team-tourn"]
[EventRounds "11"]
[EventCountry "GER"]
[SourceTitle "EXT 2013"]
[Source "ChessBase"]
[SourceDate "2012.11.22"]
[SourceVersion "1"]
[SourceVersionDate "2012.11.22"]
[SourceQuality "1"]
[WhiteTeam "Naumburg"]
[BlackTeam "Coswig"]
[WhiteTeamCountry "GER"]
[BlackTeamCountry "GER"]

1. c4 Nf6 2. Nc3 d5 3. cxd5 Nxd5 4. g3 Nxc3 5. bxc3 g6 6. Bg2 Bg7 7. Rb1 Nd7 8. Nf3 0-0 9. 0-0 c5 10. c4 Qc7 11. d3 Re8 12. Bb2 b6 13. Qd2 Bb7 14. Bxg7 Kxg7 15. Qc3+ Kg8 16. h4 e5 17. h5 Nf6 18. h6 Ng4 19. Qc1 e4 20. dxe4 Bxe4 21. Rb2 Rad8 22. Qg5 Bxf3 23. exf3 Qe5 24. Qxe5 Nxe5 25. Rc2 Nc6 26. f4 Nd4 27. Rb2 Nf5 28. a4 Rd4 29. Rc1 Nxh6 30. a5 Rb8 31. Bh3 Kg7 32. Rb5 Ng8 33. Bf1 Nf6 34. Rcb1 Nd7 35. Bh3 f5 36. Bf1 Kf6 37. Kg2 Ke6 38. Be2 Kd6 39. R5b2 Kc7 40. Rh1 Nf6 41. Rhb1 Ne4 42. Rh1 Rd7 43. Bf3 Re8 44. Ra1 Rb8 45. Re1 Rd4 46. Rh1 h5 47. Rc1 bxa5 48. Ra2 Rd2 49. Rxd2 Nxd2 50. Bd5 Rb6 51. Ra1 Ra6 52. Ra4 Nb1 53. Bf7 Nc3 54. Ra3 Ne4 55. Ra4 Kd7 56. f3 Nc3 57. Ra3 Ne2 58. Kh3 a4 59. Kh4 Ke7 60. Bd5 Kf6 61. Bb7 Rb6 62. Ba8 Rb4 63. Bd5 Nd4 64. Ra2 a5 65. Kh3 Nb3 66. Bc6 Rxc4 67. Bxa4 Nd4 68. Be8 Rc2 69. Ra3 c4 70. g4 hxg4+ 71. fxg4 fxg4+ 72. Kxg4 Rg2+ 73. Kh3 Re2 74. Bd7 Re7 75. Bg4 Nb3 76. Bd1 Rb7 77. Kg4 Rb4 78. Be2 a4 79. Bd1 c3 80. Kg3 Rc4 81. Bc2 Nd4 82. Bxa4 c2 83. Bxc2 Rxc2 84. Ra6+ Rc6 85. Ra8 Ne6 86. Ra5 Rc4 87. Ra6 Kf5 88. Ra5+ Rc5 89. Ra7 Rc3+ 90. Kf2 Nxf4 91. Ra2 g5 92. Ra5+ Kg4 93. Ra2 Rf3+ 94. Kg1 Rb3 95. Kf2 Rb2+ 0-1

[Event "Oberliga Ost-A 0708"]
[Site "Germany"]
[Date "2007.10.07"]
[Round "1.5"]
[White "Haertig, Jens"]
[Black "Kunze, Carlo"]
[Result "1/2-1/2"]
[WhiteElo "2174"]
[BlackElo "2283"]
[PlyCount "21"]
[EventDate "2007.09.23"]
[EventType "team-tourn"]
[EventRounds "11"]
[EventCountry "GER"]
[SourceTitle "EXT 2009"]
[Source "ChessBase"]
[SourceDate "2008.11.26"]
[SourceVersion "1"]
[SourceVersionDate "2008.11.26"]
[SourceQuality "1"]
[WhiteTeam "Naumburg"]
[BlackTeam "Chemnitz"]
[WhiteTeamCountry "GER"]
[BlackTeamCountry "GER"]

1. c4 Nf6 2. Nc3 d6 3. d4 Nbd7 4. e4 e5 5. Nf3 Be7 6. Be2 0-0 7. 0-0 c6 8. Qc2 Qc7 9. Be3 Re8 10. d5 Bf8 11. Nd2 1/2-1/2

[Event "Oberliga Ost-A 0607"]
[Site "Germany"]
[Date "2007.04.21"]
[Round "10.5"]
[White "Haertig, Jens"]
[Black "Dobierzin, Olaf"]
[Result "1/2-1/2"]
[WhiteElo "2151"]
[BlackElo "2134"]
[PlyCount "25"]
[EventDate "2006.10.15"]
[EventType "team-tourn"]
[EventRounds "11"]
[EventCountry "GER"]
[SourceTitle "EXT 2008"]
[Source "ChessBase"]
[SourceDate "2007.11.25"]
[SourceVersion "1"]
[SourceVersionDate "2007.11.25"]
[SourceQuality "1"]
[WhiteTeam "Naumburg"]
[BlackTeam "Leipzig Mitte II"]
[WhiteTeamCountry "GER"]
[BlackTeamCountry "GER"]

1. c4 Nf6 2. Nc3 g6 3. g3 Bg7 4. Bg2 0-0 5. e4 e5 6. Nge2 d6 7. 0-0 c6 8. d4 Qc7 9. h3 Nbd7 10. Be3 Re8 11. d5 a6 12. Rc1 c5 13. Qd2 1/2-1/2

[Event "Oberliga Ost-A 0607"]
[Site "Germany"]
[Date "2007.02.25"]
[Round "7.4"]
[White "Offinger, Robert"]
[Black "Haertig, Jens"]
[Result "1-0"]
[WhiteElo "2252"]
[BlackElo "2151"]
[PlyCount "73"]
[EventDate "2006.10.15"]
[EventType "team-tourn"]
[EventRounds "11"]
[EventCountry "GER"]
[SourceTitle "EXT 2008"]
[Source "ChessBase"]
[SourceDate "2007.11.25"]
[SourceVersion "1"]
[SourceVersionDate "2007.11.25"]
[SourceQuality "1"]
[WhiteTeam "Magdeburg Aufbau Elbe"]
[BlackTeam "Naumburg"]
[WhiteTeamCountry "GER"]
[BlackTeamCountry "GER"]

1. d4 Nf6 2. Bg5 Ne4 3. Bf4 Nc6 4. f3 e5 5. dxe5 g5 6. Bc1 Nc5 7. e4 Bg7 8. Be3 Ne6 9. Nc3 Bxe5 10. Nge2 d6 11. Qd2 Bd7 12. 0-0-0 Qf6 13. Kb1 0-0-0 14. Nd5 Qg7 15. c3 Kb8 16. Nd4 h6 17. h4 Rhg8 18. Nf5 Qf8 19. Bb5 Rh8 20. g4 a6 21. Bxc6 Bxc6 22. hxg5 hxg5 23. Bxg5 Nxg5 24. Qxg5 Bb5 25. Qe3 c6 26. Nb4 a5 27. Nc2 Kc7 28. f4 Bg7 29. Ncd4 Bc4 30. g5 d5 31. e5 a4 32. e6 Bxd4 33. Nxd4 Rxh1 34. Rxh1 Re8 35. Qe5+ Kc8 36. f5 fxe6 37. Rh7 1-0

[Event "Oberliga Ost-A 0607"]
[Site "Germany"]
[Date "2006.12.10"]
[Round "4.7"]
[White "Skibbe, Willi"]
[Black "Haertig, Jens"]
[Result "1/2-1/2"]
[WhiteElo "2082"]
[BlackElo "2151"]
[PlyCount "106"]
[EventDate "2006.10.15"]
[EventType "team-tourn"]
[EventRounds "11"]
[EventCountry "GER"]
[SourceTitle "EXT 2008"]
[Source "ChessBase"]
[SourceDate "2007.11.25"]
[SourceVersion "1"]
[SourceVersionDate "2007.11.25"]
[SourceQuality "1"]
[WhiteTeam "Liebschwitz"]
[BlackTeam "Naumburg"]
[WhiteTeamCountry "GER"]
[BlackTeamCountry "GER"]

1. e4 c5 2. Nf3 d6 3. d4 cxd4 4. Nxd4 Nf6 5. Nc3 a6 6. f3 e6 7. Be3 Qc7 8. g4 Nc6 9. Qd2 Nd7 10. 0-0-0 Nce5 11. g5 b5 12. f4 Nc4 13. Bxc4 Qxc4 14. b3 Qc7 15. Rhe1 Bb7 16. Bg1 Qa5 17. Kb2 0-0-0 18. Ncxb5 Qxd2 19. Na7+ Kc7 20. Rxd2 Nc5 21. Ndb5+ axb5 22. Bxc5 Be7 23. Bf2 Ba6 24. Re3 b4 25. c3 Kb7 26. Rg3 d5 27. cxb4 Bxb4 28. Rc2 d4 29. Nc6 Bc3+ 30. Kb1 Rd6 31. Ne5 Rf8 32. Nd3 Kb8 33. Nc5 Bb5 34. a4 Bf1 35. Rg1 Bh3 36. Rd1 Bg4 37. Rd3 Rfd8 38. e5 Rd5 39. b4 Bf5 40. Ka2 Bxd3 41. Nxd3 g6 42. Kb3 h6 43. gxh6 Rh8 44. Re2 Rxh6 45. h4 Rh8 46. Rc2 Rc8 47. Bg3 Rc6 48. Bf2 Rc8 49. Bg3 Kb7 50. Bf2 Rc7 51. Bg3 Rc8 52. Bf2 Rc7 53. Bg3 Rc8 1/2-1/2

[Event "Oberliga Ost-A 0506"]
[Site "Germany"]
[Date "2006.04.01"]
[Round "10.5"]
[White "Hoffmann, Paul"]
[Black "Haertig, Jens"]
[Result "1-0"]
[WhiteElo "2252"]
[BlackElo "2160"]
[PlyCount "128"]
[EventDate "2005.11.13"]
[EventType "team-tourn"]
[EventRounds "11"]
[EventCountry "GER"]
[SourceTitle "EXT 2007"]
[Source "ChessBase"]
[SourceDate "2006.11.23"]
[SourceVersion "1"]
[SourceVersionDate "2006.11.23"]
[SourceQuality "1"]
[WhiteTeam "Dresden"]
[BlackTeam "Naumburg"]
[WhiteTeamCountry "GER"]
[BlackTeamCountry "GER"]

1. e4 c5 2. Nf3 d6 3. d4 cxd4 4. Nxd4 Nf6 5. f3 a6 6. c4 e6 7. Nc3 Be7 8. Be3 Qc7 9. Be2 Nbd7 10. 0-0 b6 11. Qd2 Bb7 12. Rfc1 0-0 13. a4 Rac8 14. a5 bxa5 15. Nb3 a4 16. Nxa4 Nc5 17. Na5 Ba8 18. b4 Nxa4 19. Rxa4 Nd7 20. Raa1 Bf6 21. Rab1 Be5 22. h3 Rfd8 23. Qa2 Nb8 24. b5 Qe7 25. b6 Bb7 26. Rd1 Bc3 27. Nxb7 Qxb7 28. Qa3 Bf6 29. Rxd6 Rxd6 30. Qxd6 Be7 31. Qd3 Nd7 32. Qc3 Bc5 33. Bxc5 Nxc5 34. Qd4 Kf8 35. e5 Qd7 36. Qxd7 Nxd7 37. b7 Rb8 38. f4 Ke7 39. Bf3 Kd8 40. Rd1 Kc7 41. Rd6 g5 42. g3 gxf4 43. gxf4 Rg8+ 44. Kf2 Nb8 45. c5 a5 46. c6 h6 47. Rd1 Kb6 48. Rb1+ Kc7 49. Rb5 Rd8 50. Rxa5 Rd2+ 51. Kg3 Rd8 52. Ra2 Rg8+ 53. Kf2 Rd8 54. Ke3 Kb6 55. Rb2+ Kc7 56. Rd2 Rg8 57. Rg2 Rf8 58. f5 exf5 59. Kf4 Kb6 60. Kxf5 Re8 61. Rc2 Kc7 62. Bd5 Rd8 63. Bxf7 Rf8 64. Kg6 Kb6 1-0

[Event "Oberliga Ost-A 0506"]
[Site "Germany"]
[Date "2005.11.13"]
[Round "1.5"]
[White "Spreng, Simon"]
[Black "Haertig, Jens"]
[Result "1-0"]
[WhiteElo "2266"]
[BlackElo "2160"]
[PlyCount "63"]
[EventDate "2005.11.13"]
[EventType "team-tourn"]
[EventRounds "11"]
[EventCountry "GER"]
[SourceTitle "EXT 2007"]
[Source "ChessBase"]
[SourceDate "2006.11.23"]
[SourceVersion "1"]
[SourceVersionDate "2006.11.23"]
[SourceQuality "1"]
[WhiteTeam "Loeberitz"]
[BlackTeam "Naumburg"]
[WhiteTeamCountry "GER"]
[BlackTeamCountry "GER"]

1. c4 Nf6 2. Nc3 g6 3. g3 Bg7 4. Bg2 0-0 5. Nf3 d6 6. 0-0 Nbd7 7. b4 e5 8. Ba3 Re8 9. Rc1 a5 10. b5 h6 11. d3 Nc5 12. Nxe5 Rb8 13. Nf3 Bg4 14. h3 Be6 15. Re1 Qc8 16. Kh2 Bd7 17. e4 Ne6 18. Qd2 Nh7 19. Nd5 Nhg5 20. Ng1 Nd4 21. Re3 c6 22. f4 Nh7 23. Bxd6 cxd5 24. cxd5 Qd8 25. Bxb8 Qxb8 26. b6 g5 27. Rc7 Bb5 28. Nf3 Ba6 29. e5 Nf5 30. Re1 Qd8 31. d6 gxf4 32. Qxf4 1-0

[Event "Oberliga Ost-A 0405"]
[Site "Germany"]
[Date "2005.04.09"]
[Round "10.6"]
[White "Trabert, Bettina"]
[Black "Haertig, Jens"]
[Result "0-1"]
[WhiteElo "2189"]
[BlackElo "2100"]
[PlyCount "80"]
[EventDate "2004.10.10"]
[EventType "team-tourn"]
[EventRounds "11"]
[EventCountry "GER"]
[SourceTitle "EXT 2006"]
[Source "ChessBase"]
[SourceDate "2005.11.24"]
[SourceVersion "1"]
[SourceVersionDate "2005.11.24"]
[SourceQuality "1"]
[WhiteTeam "Magdeburg Aufbau Elbe"]
[BlackTeam "Naumburg"]
[WhiteTeamCountry "GER"]
[BlackTeamCountry "GER"]

1. c4 Nf6 2. Nc3 g6 3. Nf3 Bg7 4. e4 d6 5. d4 0-0 6. Be2 e5 7. 0-0 Nc6 8. d5 Ne7 9. b4 Nd7 10. Ba3 f5 11. c5 Nf6 12. Nd2 Rf7 13. b5 Bf8 14. Nc4 Ne8 15. Nxe5 dxe5 16. d6 Be6 17. dxe7 Bxe7 18. Qc2 c6 19. Rad1 Qa5 20. Qb2 Rc8 21. Bb4 Qc7 22. a4 Nf6 23. Qc2 fxe4 24. Nxe4 Nxe4 25. Qxe4 Rf4 26. Qb1 Rcf8 27. b6 Qb8 28. a5 axb6 29. axb6 R8f7 30. Bd2 Bxc5 31. Bxf4 Rxf4 32. Rd2 Qf8 33. Bd3 Bd5 34. h3 e4 35. g3 e3 36. Re2 exf2+ 37. Kh2 Rb4 38. Qc2 Qf3 39. Be4 Rxe4 40. Qxc5 Rxe2 0-1

[Event "Oberliga Ost-A 0405"]
[Site "Germany"]
[Date "2005.01.30"]
[Round "8.5"]
[White "Wichmann, Cliff"]
[Black "Haertig, Jens"]
[Result "1-0"]
[WhiteElo "2316"]
[BlackElo "2100"]
[PlyCount "183"]
[EventDate "2004.10.10"]
[EventType "team-tourn"]
[EventRounds "11"]
[EventCountry "GER"]
[SourceTitle "EXT 2006"]
[Source "ChessBase"]
[SourceDate "2005.11.24"]
[SourceVersion "1"]
[SourceVersionDate "2005.11.24"]
[SourceQuality "1"]
[WhiteTeam "Dresden SC 1898"]
[BlackTeam "Naumburg"]
[WhiteTeamCountry "GER"]
[BlackTeamCountry "GER"]

1. d4 Nf6 2. c4 g6 3. Nc3 Bg7 4. e4 d6 5. Nf3 0-0 6. Be2 e5 7. Be3 Nbd7 8. 0-0 Re8 9. d5 Nc5 10. Nd2 a5 11. a3 a4 12. Bxc5 dxc5 13. Nxa4 Qe7 14. Nc3 Bd7 15. Rb1 Reb8 16. Re1 Ne8 17. Nb5 Bh6 18. Nb3 b6 19. Nc1 Bxb5 20. cxb5 Nd6 21. Qc2 Bf8 22. Nd3 h5 23. a4 Re8 24. b4 Nb7 25. Rec1 Qh4 26. bxc5 Nxc5 27. Nxc5 Bxc5 28. Bd3 Qe7 29. Bc4 Rf8 30. Bb3 Qf6 31. Qd2 Qe7 32. Qh6 Rfd8 33. Rc3 Qf6 34. Rf3 Qg7 35. Qd2 Bd6 36. Rc1 Qf8 37. Rc6 Kg7 38. Qg5 f6 39. Qh4 Qe7 40. Rg3 Rh8 41. Qh3 h4 42. Rgc3 Rad8 43. R3c4 Ra8 44. Bd1 Ra7 45. Bg4 Raa8 46. Be6 Rh5 47. Qc3 Ra7 48. h3 Rh8 49. Qc2 Rha8 50. Bg4 Rb7 51. Bd1 Raa7 52. Qe2 Qd7 53. Rc3 Rb8 54. Kh1 Rh8 55. Rc1 Rb8 56. Qf3 Rh8 57. Ra1 Rha8 58. Kh2 Rh8 59. Qc3 Rha8 60. Qc4 Qe7 61. Rc1 Rb8 62. Kg1 Rbb7 63. Rc3 Rb8 64. Kf1 Qd7 65. Bg4 Qe7 66. g3 Rh8 67. Kg2 Rb7 68. Qd3 Ra7 69. R3c4 Rb7 70. Qc2 Ra7 71. Qc3 Rb7 72. a5 bxa5 73. Qxa5 Rhb8 74. Qc3 hxg3 75. fxg3 Ra8 76. h4 Ra3 77. Qc2 Rba7 78. Kh3 Ra2 79. Qd3 Rb2 80. Rc2 Raa2 81. Rxb2 Rxb2 82. Qc4 Rb4 83. Qe2 Rb3 84. Be6 Rb1 85. h5 g5 86. Kg4 Rb3 87. Bf5 Qd8 88. h6+ Kh8 89. Ra6 Qe8 90. Qa2 Rxb5 91. Rxd6 cxd6 92. Qa7 1-0

[Event "Oberliga Ost-A 0405"]
[Site "Germany"]
[Date "2004.11.28"]
[Round "4.5"]
[White "Teichgraeber, Michael"]
[Black "Haertig, Jens"]
[Result "1/2-1/2"]
[WhiteElo "2113"]
[BlackElo "2100"]
[PlyCount "92"]
[EventDate "2004.10.10"]
[EventType "team-tourn"]
[EventRounds "11"]
[EventCountry "GER"]
[SourceTitle "EXT 2006"]
[Source "ChessBase"]
[SourceDate "2005.11.24"]
[SourceVersion "1"]
[SourceVersionDate "2005.11.24"]
[SourceQuality "1"]
[WhiteTeam "Coswig"]
[BlackTeam "Naumburg"]
[WhiteTeamCountry "GER"]
[BlackTeamCountry "GER"]

1. d4 Nf6 2. c4 g6 3. Nc3 Bg7 4. e4 d6 5. Be2 0-0 6. Bg5 c5 7. d5 b5 8. cxb5 a6 9. bxa6 Bxa6 10. Qd2 Qa5 11. h4 Nbd7 12. Bxa6 Rxa6 13. Nge2 Rb8 14. Rb1 Rab6 15. 0-0 Ne5 16. b3 Qa6 17. Ng3 Rb4 18. Rfd1 Qc8 19. Qe2 Ned7 20. Rdc1 Qb7 21. h5 Qa7 22. hxg6 hxg6 23. Be3 Qb7 24. f3 Ra8 25. Kf2 Ne8 26. Qd2 Qa6 27. Na4 Ne5 28. Rd1 Rab8 29. Ne2 c4 30. Nd4 Nf6 31. Nc3 Nh5 32. g4 Nf6 33. Kg2 R4b7 34. Bh6 Bh8 35. Rh1 cxb3 36. axb3 Qd3 37. Qxd3 Nxd3 38. Nc6 Rc8 39. Ne2 e6 40. Bg5 Bg7 41. Rhd1 exd5 42. exd5 Nb4 43. Nxb4 Rxb4 44. Bxf6 Bxf6 45. Rd2 Rcb8 46. Rd3 Be5 1/2-1/2

[Event "Oberliga Ost-A 0405"]
[Site "Germany"]
[Date "2004.11.13"]
[Round "2.4"]
[White "Haertig, Jens"]
[Black "Schuster, Martin"]
[Result "1/2-1/2"]
[WhiteElo "2100"]
[BlackElo "2177"]
[PlyCount "47"]
[EventDate "2004.10.10"]
[EventType "team-tourn"]
[EventRounds "11"]
[EventCountry "GER"]
[SourceTitle "EXT 2006"]
[Source "ChessBase"]
[SourceDate "2005.11.24"]
[SourceVersion "1"]
[SourceVersionDate "2005.11.24"]
[SourceQuality "1"]
[WhiteTeam "Naumburg"]
[BlackTeam "Loeberitz"]
[WhiteTeamCountry "GER"]
[BlackTeamCountry "GER"]

1. c4 e6 2. Nf3 d5 3. d4 Nf6 4. e3 Be7 5. Nc3 Nbd7 6. Bd3 a6 7. cxd5 exd5 8. 0-0 0-0 9. Qc2 c6 10. Rb1 Re8 11. b4 Bd6 12. a4 Nf8 13. h3 Nh5 14. b5 axb5 15. axb5 Be6 16. bxc6 bxc6 17. Ne5 Qc8 18. f4 f6 19. Nf3 Ng3 20. Rd1 Bf5 21. Kh2 Bxd3 22. Qxd3 Ne4 23. Nxe4 Rxe4 24. Nd2 1/2-1/2